[Event "NK Jeugd Cj"]
[Site "Assen"]
[Date "2017.04.24"]
[Round "2.1"]
[White "De Boer, Eelke"]
[Black "Grutter, Tim"]
[Result "1-0"]
[WhiteElo "2100"]
[BlackElo "1828"]
[PlyCount "103"]
[EventDate "2017.??.??"]

1. e4 d6 2. d4 Nf6 3. Nc3 g6 4. Be3 Bg7 5. Qd2 Ng4 6. Bg5 h6 7. Bh4 g5 8. Bg3
e5 9. d5 f5 10. exf5 Bxf5 11. Bd3 Qd7 12. O-O-O Bxd3 13. Qxd3 Nf6 14. h4 g4 15.
Ne4 Rf8 16. Ne2 Na6 17. Nxf6+ Rxf6 18. h5 Nc5 19. Qe3 Rf7 20. Bh4 Qf5 21. Kb1
Qe4 22. Nc3 Qxe3 23. fxe3 e4 24. Ne2 Kd7 25. Nf4 Rf5 26. Bg3 Be5 27. Ne2 Raf8
28. Bf4 Bxf4 29. Nxf4 a5 30. Rd4 Re8 31. b3 b5 32. a3 Ree5 33. Rh4 Rg5 34. Kc1
Nb7 35. Kd2 Nd8 36. Ke2 c5 37. Rd1 Ref5 38. c4 b4 39. axb4 cxb4 40. Rd4 Re5 41.
Ng6 Re8 42. Kf2 Nb7 43. Rd1 Nc5 44. Rb1 Rb8 45. Nf4 a4 46. bxa4 Nxa4 47. Ne6
Rf5+ 48. Ke1 g3 49. Rg4 Rxh5 50. Kd2 Rb6 51. Rg7+ Kc8 52. Rf1 1-0

[Event "NK Jeugd Cj"]
[Site "Assen"]
[Date "2017.04.24"]
[Round "2.2"]
[White "Bruggink, Tycho"]
[Black "Elgersma, Onno"]
[Result "0-1"]
[WhiteElo "1858"]
[BlackElo "2026"]
[PlyCount "70"]
[EventDate "2017.??.??"]

1. e4 e6 2. d4 d5 3. exd5 exd5 4. Nf3 Nf6 5. Bd3 c5 6. Qe2+ Be7 7. c3 c4 8. Bc2
O-O 9. O-O Bg4 10. h3 Bh5 11. g4 Bg6 12. Bxg6 hxg6 13. Ne5 Nc6 14. Bf4 Rc8 15.
Nd2 b5 16. Rfe1 Re8 17. Ndf3 Ne4 18. Nxc6 Rxc6 19. Ne5 Re6 20. Qc2 Bh4 21. Be3
Rf6 22. Rf1 a5 23. Kg2 b4 24. f4 Rb6 25. f5 gxf5 26. Rxf5 f6 27. Ng6 bxc3 28.
bxc3 Qb8 29. Bf4 Rb2 30. Bxb8 Rxc2+ 31. Kf1 Rxb8 32. Rxd5 Ng3+ 33. Kg1 Bg5 34.
Re1 Be3+ 35. Rxe3 Rb1+ 0-1

[Event "NK Jeugd Cj"]
[Site "Assen"]
[Date "2017.04.24"]
[Round "2.3"]
[White "Kutchoukov, Daniel"]
[Black "Hoeneveld, Maarten"]
[Result "1-0"]
[WhiteElo "1823"]
[BlackElo "2001"]
[PlyCount "119"]
[EventDate "2017.??.??"]

1. e4 e5 2. Bc4 Nf6 3. d3 Nc6 4. Nf3 d5 5. exd5 Nxd5 6. O-O Bc5 7. Re1 O-O 8.
a3 Re8 9. Nbd2 Bg4 10. Ne4 Bb6 11. h3 Bh5 12. Ng3 Bg6 13. Ne4 Kh8 14. Qd2 f5
15. Ng3 Nf4 16. b4 Nh5 17. Nf1 e4 18. dxe4 fxe4 19. Qxd8 Raxd8 20. Nh4 Ne5 21.
Nxg6+ Nxg6 22. Bb2 Rf8 23. Ne3 Bd4 24. Bxd4 Rxd4 25. Rad1 Rfd8 26. Bd5 Rxd1 27.
Rxd1 Ngf4 28. Bxb7 Ne2+ 29. Kf1 Rxd1+ 30. Nxd1 Nd4 31. Bxe4 Kg8 32. c3 Ne6 33.
Ne3 Nf6 34. Bd3 Kf8 35. g3 Ke8 36. Bb5+ Ke7 37. Nf5+ Kd8 38. Bc6 g6 39. Ne3 Ng5
40. h4 Nge4 41. c4 Ke7 42. Nd5+ Kd6 43. Nxf6 Nxf6 44. Ba4 Ke5 45. Bb3 Kd4 46.
c5 Kc3 47. Be6 Kb2 48. g4 Kxa3 49. g5 Nh5 50. Bg8 Kxb4 51. Bxh7 Nf4 52. Bxg6
Nxg6 53. h5 Nf4 54. h6 a5 55. h7 Ng6 56. f4 a4 57. f5 Nh8 58. g6 a3 59. g7 a2
60. gxh8=Q 1-0

[Event "NK Jeugd Cj"]
[Site "Assen"]
[Date "2017.04.24"]
[Round "2.4"]
[White "Bruil, Rembrandt"]
[Black "Honkoop, Gilian"]
[Result "1-0"]
[WhiteElo "1963"]
[BlackElo "1820"]
[PlyCount "55"]
[EventDate "2017.??.??"]

1. d4 Nf6 2. Bf4 e6 3. Nf3 b6 4. e3 Bb7 5. Bd3 Be7 6. Nbd2 d5 7. c3 c5 8. Ne5
Nbd7 9. Ndf3 c4 10. Bc2 a6 11. h4 Ne4 12. Nxd7 Qxd7 13. Ne5 Qd8 14. Bxe4 dxe4
15. Nxc4 O-O 16. Qg4 Kh8 17. Be5 f6 18. Bg3 b5 19. Nd2 f5 20. Qe2 Rc8 21. h5
Bd5 22. O-O Qe8 23. Rfc1 Kg8 24. b3 Ba3 25. Rc2 a5 26. c4 bxc4 27. Nxc4 Qb5 28.
Nxa3 1-0

[Event "NK Jeugd Cj"]
[Site "Assen"]
[Date "2017.04.24"]
[Round "2.5"]
[White "Gevorkjan, Lewon"]
[Black "Nguyen, Lucas"]
[Result "1-0"]
[WhiteElo "1815"]
[BlackElo "1924"]
[PlyCount "123"]
[EventDate "2017.??.??"]

1. e4 c5 2. Nc3 Nc6 3. Bb5 Nd4 4. Bc4 g6 5. Nf3 Bg7 6. Nxd4 cxd4 7. Qf3 e6 8.
Nb5 Be5 9. c3 dxc3 10. d4 a6 11. Nxc3 Bxd4 12. O-O Bg7 13. Bf4 Ne7 14. e5 O-O
15. Ne4 Nc6 16. Qg3 Qa5 17. Rfe1 Nxe5 18. Bxe5 Bxe5 19. Qg5 f5 20. Nd2 Bxb2 21.
Rab1 Bf6 22. Qh6 b5 23. Bb3 Bb7 24. Rbd1 Rac8 25. h3 Bc6 26. Nf3 Bxf3 27. gxf3
Rc7 28. Re2 Bg7 29. Qh4 Re8 30. Rd6 Kh8 31. Red2 Qc3 32. Rxd7 Rxd7 33. Rxd7 Qc5
34. Rd8 Qf8 35. Rd7 h6 36. Qg3 Qf6 37. Qc7 Qe5 38. Qxe5 Bxe5 39. Ra7 Kg8 40.
Rxa6 Kf7 41. Kf1 b4 42. Rb6 Bc3 43. Ke2 Kf6 44. f4 g5 45. Kf3 gxf4 46. Kxf4
Bd2+ 47. Kf3 Ke5 48. Ke2 Bc3 49. Kf3 f4 50. Rb5+ Kd4 51. Rb6 e5 52. Rd6+ Kc5
53. Rxh6 e4+ 54. Ke2 f3+ 55. Kf1 Be5 56. Ra6 Kd4 57. Ra5 Kc3 58. Rc5+ Kd3 59.
Bc2+ Kd2 60. Rc4 Bc3 61. Bxe4 Ra8 62. Bxa8 1-0

[Event "NK Jeugd Cj"]
[Site "Assen"]
[Date "2017.04.24"]
[Round "2.6"]
[White "Pham, Khoi"]
[Black "Shakhverdian, William"]
[Result "0-1"]
[WhiteElo "1870"]
[BlackElo "1732"]
[PlyCount "92"]
[EventDate "2017.??.??"]

1. e4 c5 2. Nf3 d6 3. d4 cxd4 4. Nxd4 Nf6 5. Nc3 a6 6. Bg5 Nbd7 7. Qe2 Qc7 8.
O-O-O b5 9. f4 Bb7 10. a3 e6 11. g3 Be7 12. Bg2 h6 13. Bh4 Rb8 14. Rhe1 Nb6 15.
e5 dxe5 16. fxe5 Nfd5 17. Nxd5 Bxd5 18. Bxd5 Nxd5 19. Bxe7 Qxe7 20. Nc6 Qg5+
21. Kb1 Rc8 22. Nd4 O-O 23. Rd3 Rc7 24. h4 Qe7 25. Qf3 Rb8 26. Nf5 Qc5 27. c3
a5 28. Nd6 b4 29. axb4 axb4 30. c4 Nb6 31. b3 Qa5 32. Qf2 Ra7 33. Qb2 Rba8 34.
Rde3 Nd7 35. Kc2 Qb6 36. Kb1 Qa5 37. Kc2 Qc5 38. Kd3 Ra2 39. Qd4 Rd2+ 40. Kxd2
Qxd4+ 41. Ke2 Qg4+ 42. Kf2 Ra2+ 43. R1e2 Rxe2+ 44. Rxe2 Qd4+ 45. Kg2 Qd3 46.
Kf2 Nxe5 0-1

[Event "NK Jeugd Cj"]
[Site "Assen"]
[Date "2017.04.24"]
[Round "2.7"]
[White "Hilwerda, Jonas"]
[Black "Boghossian, Wahe"]
[Result "1-0"]
[WhiteElo "2011"]
[BlackElo "1863"]
[PlyCount "97"]
[EventDate "2017.??.??"]

1. e4 e5 2. Nf3 Nc6 3. d4 exd4 4. Nxd4 Bc5 5. Be3 Qf6 6. Nb5 Bxe3 7. fxe3 Qd8
8. Qg4 Nf6 9. Nxc7+ Qxc7 10. Qxg7 Rg8 11. Qxf6 Qe5 12. Qxe5+ Nxe5 13. Nc3 b6
14. Nd5 Kf8 15. Rd1 Rg6 16. g3 Bb7 17. Be2 Rc8 18. c3 Nc4 19. Bxc4 Rxc4 20. Rd4
Rxd4 21. cxd4 Re6 22. Nc3 Bxe4 23. Nxe4 Rxe4 24. Kd2 Re6 25. Rf1 b5 26. Kd3 b4
27. Rf2 d5 28. Re2 Rf6 29. Kc2 Ke7 30. Kb3 Rb6 31. e4 Re6 32. e5 Rc6 33. Rc2
Rh6 34. Kxb4 Kd7 35. Rf2 Rb6+ 36. Kc5 Ke8 37. Kxd5 Ra6 38. a3 Ke7 39. Rf3 Ra5+
40. Ke4 Ra6 41. Rc3 Kd7 42. b4 h5 43. Kd5 Kd8 44. Rf3 Ke7 45. Kc5 Rh6 46. Rf6
Rxf6 47. exf6+ Kxf6 48. d5 Ke7 49. Kc6 1-0

[Event "NK Jeugd Cj"]
[Site "Assen"]
[Date "2017.04.24"]
[Round "2.8"]
[White "Paays, Dominggus"]
[Black "Van der Hagen, Loek"]
[Result "1/2-1/2"]
[WhiteElo "1531"]
[BlackElo "1581"]
[PlyCount "67"]
[EventDate "2017.??.??"]

1. e4 c5 2. Nc3 Nc6 3. Bb5 Nd4 4. d3 Nxb5 5. Nxb5 a6 6. Nc3 g6 7. f4 Bg7 8. Nf3
e6 9. O-O Ne7 10. Qe1 O-O 11. Be3 b6 12. d4 d5 13. Rd1 c4 14. e5 b5 15. a3 Bd7
16. g4 Nc6 17. Ne2 Qe7 18. c3 a5 19. h4 Rfb8 20. Kh1 b4 21. axb4 axb4 22. Rg1
bxc3 23. bxc3 Ra2 24. Ng3 Rbb2 25. Rd2 Qa3 26. Rxb2 Qxb2 27. f5 Bxe5 28. fxg6
hxg6 29. dxe5 Nxe5 30. Nd2 Nxg4 31. Ngf1 e5 32. Rxg4 Bxg4 33. Qg3 Bf5 34. Qxe5
1/2-1/2

[Event "NK Jeugd Cj"]
[Site "Assen"]
[Date "2017.04.24"]
[Round "2.9"]
[White "Rutjens, Mika"]
[Black "Maters, Arthur"]
[Result "1-0"]
[WhiteElo "1515"]
[BlackElo "1730"]
[PlyCount "105"]
[EventDate "2017.??.??"]

1. e4 c5 2. a3 Nc6 3. b4 cxb4 4. axb4 Nxb4 5. c3 Nc6 6. d4 d5 7. exd5 Qxd5 8.
Na3 e6 9. Nb5 Qd8 10. Bf4 e5 11. dxe5 Be6 12. Qxd8+ Rxd8 13. Nc7+ Kd7 14. Nxe6
fxe6 15. Nf3 Bc5 16. Bc4 Rf8 17. Bg3 Rf5 18. O-O Nh6 19. Rad1+ Ke7 20. Bh4+ Kf7
21. Rd7+ Be7 22. Bb5 Ng8 23. Bxc6 bxc6 24. Rxa7 h6 25. Bxe7 Nxe7 26. Nd4 Rf4
27. g3 Rxd4 28. cxd4 Rd8 29. Rb1 Kf8 30. Rbb7 Nf5 31. Rf7+ Kg8 32. Rad7 Rb8 33.
g4 Nxd4 34. Rxg7+ Kf8 35. Rh7 Kg8 36. Kg2 Rc8 37. Rxh6 c5 38. Rh3 Ne2 39. Rf3
c4 40. Rd2 c3 41. Rxe2 c2 42. Rxc2 Rxc2 43. Rf6 Rc4 44. f4 Rc6 45. Kg3 Kg7 46.
Kh4 Rc4 47. Kg5 Rc6 48. h4 Ra6 49. f5 Ra8 50. Rxe6 Kf8 51. h5 Ra7 52. h6 Rh7
53. Kg6 1-0

[Event "NK Jeugd Cj"]
[Site "Assen"]
[Date "2017.04.24"]
[Round "2.10"]
[White "Bijvank, Kylian"]
[Black "Tiggelaar, Joas"]
[Result "*"]
[WhiteElo "1678"]
[BlackElo "1521"]
[PlyCount "123"]
[EventDate "2017.??.??"]

1. e4 e6 2. d4 d5 3. e5 c5 4. c3 Nc6 5. Nf3 Nge7 6. a3 Ng6 7. b4 b6 8. Be3 cxd4
9. cxd4 Be7 10. Be2 Bb7 11. O-O O-O 12. Nc3 f6 13. exf6 Bxf6 14. Re1 Qe7 15.
Qb3 Qd7 16. Rad1 Rf7 17. Bg5 Raf8 18. g3 h6 19. Be3 Nce7 20. Bd3 Nf5 21. Bxf5
exf5 22. Ne2 Bc6 23. Rc1 Bb5 24. Nd2 Bxe2 25. Rxe2 Be7 26. f4 Rc8 27. Ree1 Rff8
28. Nf3 Bf6 29. Red1 Qe6 30. Kf2 Rfe8 31. Ne5 Rxc1 32. Bxc1 Kh7 33. Be3 Nf8 34.
Qa4 Re7 35. Qb3 Kg8 36. b5 Re8 37. Rd2 Kh7 38. Rd3 Kg8 39. Qa4 Ra8 40. Rc3 Qe7
41. Qa6 Ne6 42. Rc8+ Rxc8 43. Qxc8+ Kh7 44. Qc3 Nc7 45. a4 Ne6 46. Nc6 Qd7 47.
Qc2 g6 48. Qb3 Kg7 49. Qa3 Kh7 50. a5 bxa5 51. Qxa5 Qb7 52. Qxa7 Qxa7 53. Nxa7
Bd8 54. Nc8 Nf8 55. Bd2 Nd7 56. Bb4 Bc7 57. Bc5 Nb8 58. b6 Bd8 59. Bd6 Na6 60.
b7 Bf6 61. Ke3 g5 62. b8=Q {... [117]} *

[Event "NK Jeugd Cj"]
[Site "Assen"]
[Date "2017.04.24"]
[Round "2.11"]
[White "Warnaar, Alisha"]
[Black "Algra, Sake"]
[Result "1-0"]
[WhiteElo "1571"]
[BlackElo "1481"]
[PlyCount "83"]
[EventDate "2017.??.??"]

1. e4 c5 2. Nf3 d6 3. d4 cxd4 4. Nxd4 Nf6 5. Nc3 g6 6. Be3 Bg7 7. f3 O-O 8. Qd2
Nc6 9. O-O-O Bd7 10. g4 a5 11. h4 a4 12. a3 Qc7 13. h5 Ne5 14. Bh6 Bxh6 15.
Qxh6 e6 16. Qg5 Qd8 17. Rd2 Qe7 18. Rg2 Rac8 19. f4 Nc4 20. Rgh2 Qd8 21. f5 h6
22. Qh4 g5 23. Qg3 e5 24. Nf3 Nxa3 25. Nxg5 Rxc3 26. Qxc3 Nb5 27. Bxb5 Bxb5 28.
Nf3 Nxe4 29. Qe3 Ng5 30. Nxg5 Qxg5 31. Qxg5+ hxg5 32. Rd2 Rd8 33. Rhd1 f6 34.
Rxd6 Rxd6 35. Rxd6 Kg7 36. h6+ Kf7 37. h7 Kg7 38. h8=Q+ Kxh8 39. Rxf6 Be2 40.
Rg6 Bxg4 41. Rxg5 Bf3 42. f6 1-0

[Event "NK Jeugd Cj"]
[Site "Assen"]
[Date "2017.04.24"]
[Round "2.12"]
[White "Ekker, Laurens"]
[Black "Albertus, Bram"]
[Result "1/2-1/2"]
[WhiteElo "1396"]
[BlackElo "1569"]
[PlyCount "77"]
[EventDate "2017.??.??"]

1. e4 c5 2. c3 e6 3. d4 cxd4 4. cxd4 d6 5. Nf3 a6 6. Nc3 b5 7. Bd3 Bb7 8. O-O
Nf6 9. e5 Nd5 10. Re1 Nxc3 11. bxc3 d5 12. a4 b4 13. Qb3 a5 14. Bd2 Ba6 15.
cxb4 axb4 16. Bb5+ Bxb5 17. axb5 Ra5 18. Rxa5 Qxa5 19. Rb1 Qxb5 20. Bxb4 Bxb4
21. Qxb4 Qxb4 22. Rxb4 O-O 23. g3 h6 24. Rb6 Rc8 25. Kg2 Nc6 26. Rb5 Ra8 27.
Rb2 Ra4 28. Rd2 Na5 29. Rb2 Nc4 30. Rb8+ Kh7 31. Rb7 Ra2 32. Rxf7 Kg8 33. Rf4
g5 34. Rf6 g4 35. Ng1 Ne3+ 36. Kh1 Nd1 37. Kg2 Ne3+ 38. Kh1 Nd1 39. Kg2 1/2-1/2

[Event "NK Jeugd Cj"]
[Site "Assen"]
[Date "2017.04.24"]
[Round "2.13"]
[White "Klaren, Duncan"]
[Black "Brandsma, Romayn"]
[Result "1-0"]
[WhiteElo "1551"]
[BlackElo "1390"]
[PlyCount "67"]
[EventDate "2017.??.??"]

1. e4 d6 2. d4 Nf6 3. Nc3 e5 4. dxe5 dxe5 5. Qxd8+ Kxd8 6. Nf3 Bd6 7. Bc4 Be6
8. Bxe6 fxe6 9. O-O h6 10. Be3 c6 11. h3 Kc7 12. Rad1 Nbd7 13. a3 Nc5 14. Rxd6
Kxd6 15. Rd1+ Kc7 16. Bxc5 Rhd8 17. Re1 b6 18. Be3 Nd7 19. Nxe5 g5 20. Nf7 Rg8
21. Nxh6 Rg6 22. Ng4 c5 23. Rd1 Rg7 24. Nb5+ Kc6 25. c4 a6 26. Rd6+ Kb7 27. Nc3
Re8 28. e5 Kc7 29. Ne4 Ree7 30. Rd1 Ref7 31. Nxg5 Re7 32. Nf6 Nxe5 33. Bf4 Rxg5
34. Bxg5 1-0

[Event "NK Jeugd Cj"]
[Site "Assen"]
[Date "2017.04.24"]
[Round "2.14"]
[White "Schelleman, Martijn"]
[Black "Brands, Kevin"]
[Result "0-1"]
[WhiteElo "1385"]
[BlackElo "1531"]
[PlyCount "48"]
[EventDate "2017.??.??"]

1. e4 c5 2. Nf3 d6 3. d4 cxd4 4. Nxd4 Nf6 5. Nc3 a6 6. f3 e5 7. Nb3 Be6 8. Be3
Be7 9. Qd2 O-O 10. O-O-O a5 11. Na4 Nbd7 12. Bb5 d5 13. Bxd7 Bxd7 14. Nb6 d4
15. Nxd7 Nxd7 16. Kb1 a4 17. Nc1 Nb6 18. Bf2 Nc4 19. Qd3 Qc7 20. f4 a3 21. Qg3
axb2 22. Nb3 Na3+ 23. Kxb2 Qxc2+ 24. Ka1 Nc4 0-1

[Event "NK Jeugd Cj"]
[Site "Assen"]
[Date "2017.04.24"]
[Round "3.1"]
[White "Kutchoukov, Daniel"]
[Black "De Boer, Eelke"]
[Result "1/2-1/2"]
[WhiteElo "1823"]
[BlackElo "2100"]
[PlyCount "75"]
[EventDate "2017.??.??"]

1. e4 e6 2. d4 d5 3. Nd2 Nf6 4. e5 Nfd7 5. Bd3 c5 6. c3 Nc6 7. Ne2 cxd4 8. cxd4
f6 9. exf6 Nxf6 10. Nf3 Bd6 11. O-O O-O 12. Bf4 Nh5 13. Bxd6 Qxd6 14. Nc3 a6
15. Re1 Qf4 16. Bf1 g6 17. Re3 Ng7 18. g3 Qf6 19. Bh3 Nf5 20. Bxf5 Qxf5 21. Qd2
Qg4 22. Kg2 Bd7 23. Ne5 Nxe5 24. Rxe5 Qf3+ 25. Kg1 Rac8 26. Rae1 Rc4 27. R1e3
Rxd4 28. Qe1 Qf7 29. b3 Rb4 30. Nxd5 exd5 31. Re7 Qf5 32. Rxd7 Qxd7 33. Qxb4
Qf5 34. Re2 Qf3 35. Qe7 d4 36. Qe6+ Kh8 37. Qe5+ Kg8 38. Qe6+ 1/2-1/2

[Event "NK Jeugd Cj"]
[Site "Assen"]
[Date "2017.04.24"]
[Round "3.2"]
[White "Elgersma, Onno"]
[Black "Gevorkjan, Lewon"]
[Result "1-0"]
[WhiteElo "2026"]
[BlackElo "1815"]
[PlyCount "97"]
[EventDate "2017.??.??"]

1. e4 d5 2. exd5 Nf6 3. Nf3 Nxd5 4. d4 Bg4 5. c3 e6 6. Be2 Nd7 7. O-O c5 8. Re1
Be7 9. dxc5 Nxc5 10. h3 Bh5 11. Bb5+ Nd7 12. g4 Bg6 13. Ne5 N5b6 14. Be3 f6 15.
Bxb6 Qxb6 16. Qxd7+ Kf8 17. Nxg6+ hxg6 18. Rxe6 Qd8 19. Qxd8+ Rxd8 20. Na3 Rxh3
21. Kg2 Rh4 22. f3 a6 23. Bc4 b5 24. Bf1 Bd6 25. Rd1 Rh2+ 26. Kg1 Bc5+ 27. Kxh2
Rxd1 28. Kg2 Kf7 29. Re2 f5 30. b4 Be7 31. Nc2 fxg4 32. fxg4 Bf6 33. Ne3 Rd3
34. g5 Rxe3 35. Rxe3 Bxg5 36. Rd3 Ke6 37. Kf3 Ke5 38. Bh3 Bf4 39. Bc8 g5 40.
Bxa6 Kf5 41. Rd5+ Kg6 42. Bxb5 Kh5 43. Be8+ Kh4 44. Rd1 Bh2 45. Bd7 g4+ 46.
Bxg4 g5 47. Rd8 Be5 48. Rd7 Bg7 49. Rd1 1-0

[Event "NK Jeugd Cj"]
[Site "Assen"]
[Date "2017.04.24"]
[Round "3.3"]
[White "Shakhverdian, William"]
[Black "Bruil, Rembrandt"]
[Result "0-1"]
[WhiteElo "1732"]
[BlackElo "1963"]
[PlyCount "62"]
[EventDate "2017.??.??"]

1. e4 c5 2. Nf3 e6 3. d4 cxd4 4. Nxd4 Nf6 5. Nc3 d6 6. Be3 Be7 7. Be2 O-O 8.
Qd2 Nc6 9. g4 a6 10. f3 Rb8 11. O-O-O Nxd4 12. Bxd4 e5 13. Be3 b5 14. g5 b4 15.
Nd5 Nxd5 16. exd5 a5 17. h4 a4 18. Kb1 Bf5 19. Bd3 Qd7 20. Be4 Rfc8 21. Qd3
Bxe4 22. fxe4 a3 23. b3 Rc3 24. Qe2 Rbc8 25. Rc1 Qc7 26. Rh2 Bd8 27. h5 Rxe3
28. Qxe3 Bxg5 29. Qd3 Bxc1 30. Kxc1 Qc3 31. Qe2 Qb2+ 0-1

[Event "NK Jeugd Cj"]
[Site "Assen"]
[Date "2017.04.24"]
[Round "3.4"]
[White "Hoeneveld, Maarten"]
[Black "Hilwerda, Jonas"]
[Result "0-1"]
[WhiteElo "2001"]
[BlackElo "2011"]
[PlyCount "58"]
[EventDate "2017.??.??"]

1. d4 Nf6 2. c4 e6 3. Nc3 Bb4 4. Qc2 c5 5. Nf3 Nc6 6. dxc5 Bxc5 7. Bg5 Nd4 8.
Nxd4 Bxd4 9. O-O-O Bxc3 10. Qxc3 Ne4 11. Bxd8 Nxc3 12. bxc3 Kxd8 13. c5 b6 14.
cxb6 axb6 15. Kb2 Bb7 16. e3 Ra5 17. Be2 Ke7 18. Bf3 Bxf3 19. gxf3 Rha8 20. Ra1
Rf5 21. f4 g5 22. f3 gxf4 23. e4 Rg5 24. Rhg1 Rag8 25. Rxg5 Rxg5 26. Rc1 Kd6
27. Rc2 Kc5 28. c4 d6 29. Kc3 Rg1 0-1

[Event "NK Jeugd Cj"]
[Site "Assen"]
[Date "2017.04.24"]
[Round "3.5"]
[White "Nguyen, Lucas"]
[Black "Warnaar, Alisha"]
[Result "1-0"]
[WhiteElo "1924"]
[BlackElo "1571"]
[PlyCount "47"]
[EventDate "2017.??.??"]

1. e4 c5 2. Nf3 d6 3. d4 cxd4 4. Nxd4 Nf6 5. Nc3 g6 6. f3 Bg7 7. Be3 O-O 8. Qd2
Nc6 9. g4 a6 10. h4 Bd7 11. h5 b5 12. hxg6 fxg6 13. a4 bxa4 14. Bc4+ Kh8 15.
Bh6 Nxd4 16. Qxd4 Bc6 17. Bxg7+ Kxg7 18. g5 e5 19. gxf6+ Qxf6 20. Qe3 Qf4 21.
Qxf4 Rxf4 22. O-O-O Rxf3 23. Rxd6 Be8 24. Nd5 1-0

[Event "NK Jeugd Cj"]
[Site "Assen"]
[Date "2017.04.24"]
[Round "3.6"]
[White "Van der Hagen, Loek"]
[Black "Pham, Khoi"]
[Result "0-1"]
[WhiteElo "1581"]
[BlackElo "1870"]
[PlyCount "68"]
[EventDate "2017.??.??"]

1. e4 c5 2. Nf3 Nc6 3. d4 cxd4 4. Nxd4 e6 5. Nc3 a6 6. Be3 Nge7 7. Qd2 Nxd4 8.
Bxd4 Nc6 9. Be3 Be7 10. O-O-O Qc7 11. f4 d6 12. g4 b5 13. f5 Ne5 14. Qg2 Bb7
15. Rg1 Rc8 16. Kb1 Nc4 17. Bd4 e5 18. Bxc4 exd4 19. Nd5 Qxc4 20. Nb6 Qc5 21.
Nxc8 Bxc8 22. g5 f6 23. gxf6 Bxf6 24. h4 Bb7 25. h5 h6 26. Qg6+ Ke7 27. Qg4 Rc8
28. Qe2 Qe5 29. Rg4 d5 30. Re1 dxe4 31. Rf1 Kf8 32. Qd2 Rc4 33. Rg6 e3 34. Qe2
Be4 0-1

[Event "NK Jeugd Cj"]
[Site "Assen"]
[Date "2017.04.24"]
[Round "3.7"]
[White "Klaren, Duncan"]
[Black "Bruggink, Tycho"]
[Result "0-1"]
[WhiteElo "1551"]
[BlackElo "1858"]
[PlyCount "98"]
[EventDate "2017.??.??"]

1. e4 c5 2. Nf3 d6 3. d4 cxd4 4. Nxd4 Nf6 5. Nc3 a6 6. Bc4 e6 7. Be3 b5 8. Bb3
b4 9. Ba4+ Bd7 10. Bxd7+ Qxd7 11. Nce2 Nxe4 12. O-O Be7 13. f3 Nf6 14. Qd2 Qb7
15. Nb3 Nc6 16. Ned4 Nxd4 17. Bxd4 O-O 18. Bxf6 Bxf6 19. Qxd6 Rfd8 20. Qf4 Bxb2
21. Rab1 Bc3 22. Kh1 Qd5 23. Qe3 a5 24. Qe2 a4 25. Rfd1 Qc6 26. Na5 Qc7 27. Nc4
Rac8 28. a3 Rxd1+ 29. Rxd1 Bf6 30. Nd6 Qxc2 31. Qe1 bxa3 32. Nxc8 a2 33. Nb6
Qxd1 34. Qxd1 a1=Q 35. Qxa1 Bxa1 36. Nxa4 Bd4 37. h3 Kf8 38. Kh2 Ke7 39. Kg3
Kd6 40. Kf4 Kd5 41. g4 Kc4 42. Ke4 g5 43. f4 gxf4 44. Kxf4 Kb4 45. Ke4 e5 46.
Nb6 Bxb6 47. Kxe5 Bd8 48. Kf5 h6 49. Kf4 Bh4 0-1

[Event "NK Jeugd Cj"]
[Site "Assen"]
[Date "2017.04.24"]
[Round "3.8"]
[White "Grutter, Tim"]
[Black "Paays, Dominggus"]
[Result "0-1"]
[WhiteElo "1828"]
[BlackElo "1531"]
[PlyCount "160"]
[EventDate "2017.??.??"]

1. d3 Nf6 2. Nf3 g6 3. g3 Bg7 4. Bg2 d6 5. c4 O-O 6. O-O c5 7. Nc3 Bg4 8. h3
Bxf3 9. Bxf3 Nc6 10. Rb1 Ne8 11. e4 Nc7 12. Bg2 Ne6 13. f4 Ned4 14. g4 e6 15.
f5 a6 16. Ne2 b5 17. Nxd4 Bxd4+ 18. Kh1 Qh4 19. g5 Be5 20. Qg4 Qxg4 21. hxg4
Nd4 22. Be3 Ne2 23. Rf3 bxc4 24. dxc4 Rab8 25. Rf2 Nc3 26. Ra1 Na4 27. Bc1 Nxb2
28. Bxb2 Bxb2 29. Rb1 Bd4 30. Rff1 Rb4 31. Rxb4 cxb4 32. Rb1 a5 33. Bf1 Rb8 34.
Bd3 Be3 35. Kg2 Bxg5 36. Kf3 exf5 37. exf5 Re8 38. Be4 Bf6 39. Rd1 Be5 40. fxg6
hxg6 41. Bc6 Rc8 42. Bb5 Kg7 43. Ke4 Kf6 44. Rf1+ Ke6 45. Rf2 Rh8 46. Bc6 f5+
47. gxf5+ gxf5+ 48. Kf3 f4 49. Kg4 Rg8+ 50. Kf3 Rg3+ 51. Ke2 Rg1 52. Kd3 Rd1+
53. Kc2 Ra1 54. Kb3 Rb1+ 55. Ka4 Rb2 56. Rxb2 Bxb2 57. Kxa5 Bc3 58. Kb5 Ke5 59.
Bd5 Be1 60. Bg2 Kd4 61. Kc6 Kxc4 62. Kxd6 Kd4 63. Kc6 Bh4 64. Kb5 Be7 65. Ka4
Ke3 66. Kb3 f3 67. Bf1 Kf2 68. Bc4 Ke1 69. Kb2 f2 70. Kb3 f1=Q 71. Bxf1 Kxf1
72. Kb2 Ke2 73. Kc2 Ke3 74. Kb3 Kd3 75. Kb2 Kc4 76. Kb1 Kb5 77. Kc2 Ka4 78. Kb2
Bf6+ 79. Kc2 Ka3 80. Kb1 Bg7 0-1

[Event "NK Jeugd Cj"]
[Site "Assen"]
[Date "2017.04.24"]
[Round "3.9"]
[White "Honkoop, Gilian"]
[Black "Rutjens, Mika"]
[Result "0-1"]
[WhiteElo "1820"]
[BlackElo "1515"]
[PlyCount "80"]
[EventDate "2017.??.??"]

1. e4 e5 2. Nf3 Nf6 3. Nc3 Nc6 4. Bb5 Bb4 5. d3 d6 6. O-O O-O 7. Bg5 Bg4 8. Nd5
Nd4 9. Bxf6 Bxf3 10. Bxd8 Bxd1 11. Rfxd1 Rfxd8 12. Ba4 Ba5 13. c3 c6 14. Ne3
Ne6 15. b4 Bc7 16. Bb3 Nf4 17. Kf1 Kf8 18. g3 Ng6 19. d4 Ne7 20. a4 g6 21. f4
Ng8 22. Kg2 Kg7 23. fxe5 dxe5 24. Ng4 exd4 25. cxd4 Rd7 26. d5 cxd5 27. Bxd5
Rad8 28. Rf1 h5 29. Ne3 Nf6 30. Bxb7 Bb6 31. Rxf6 Bxe3 32. Rf3 Bd4 33. Rd1 Rxb7
34. Rfd3 Rbd7 35. e5 Kf8 36. Kf3 Ke7 37. Ke4 Bb6 38. Rxd7+ Rxd7 39. Rxd7+ Kxd7
40. Kd5 Bg1 0-1

[Event "NK Jeugd Cj"]
[Site "Assen"]
[Date "2017.04.24"]
[Round "3.10"]
[White "Brands, Kevin"]
[Black "Bijvank, Kylian"]
[Result "1-0"]
[WhiteElo "1531"]
[BlackElo "1678"]
[PlyCount "99"]
[EventDate "2017.??.??"]

1. e4 c5 2. Nf3 Nc6 3. d4 cxd4 4. Nxd4 e6 5. Nc3 a6 6. f4 Bb4 7. Nxc6 bxc6 8.
Qd4 Bxc3+ 9. Qxc3 Nf6 10. Bd3 O-O 11. Be3 Bb7 12. Bd4 d5 13. O-O-O c5 14. Qxc5
Rc8 15. Bxf6 Qxf6 16. Qe3 Rb8 17. e5 Qe7 18. f5 d4 19. Qh3 exf5 20. Qxf5 g6 21.
Qf6 Qc5 22. Rhg1 Rfe8 23. Rdf1 Bd5 24. Qd6 Qxd6 25. exd6 Rb6 26. Rf4 Bxa2 27.
b3 Bxb3 28. cxb3 Rxb3 29. d7 Rd8 30. Rxd4 a5 31. Re1 Kf8 32. Bc2 Rc3 33. Kb2
Rc7 34. Ba4 Rb8+ 35. Ka2 Kg7 36. Re8 Rcb7 37. Rxb8 Rxb8 38. d8=Q Rxd8 39. Rxd8
h5 40. Ra8 h4 41. Rxa5 f5 42. Ra6 g5 43. Kb2 f4 44. Kc2 g4 45. Kd2 g3 46. hxg3
fxg3 47. Ke2 h3 48. gxh3 g2 49. Kf2 g1=Q+ 50. Kxg1 1-0

[Event "NK Jeugd Cj"]
[Site "Assen"]
[Date "2017.04.24"]
[Round "3.11"]
[White "Boghossian, Wahe"]
[Black "Ekker, Laurens"]
[Result "1-0"]
[WhiteElo "1863"]
[BlackElo "1396"]
[PlyCount "101"]
[EventDate "2017.??.??"]

1. e4 e5 2. Nf3 Nc6 3. d4 exd4 4. Bc4 d6 5. Nxd4 Nf6 6. Nxc6 bxc6 7. Nc3 Be6 8.
Bd3 Be7 9. O-O O-O 10. h3 d5 11. e5 Nd7 12. f4 f5 13. Ne2 c5 14. c3 c4 15. Bc2
Bc5+ 16. Kh2 c6 17. Nd4 Bxd4 18. cxd4 Nb6 19. Bd2 Qd7 20. Qe1 Rfe8 21. a4 Rab8
22. a5 Nc8 23. Bc3 a6 24. Rf3 Na7 25. Qe3 Nb5 26. Be1 Nc7 27. Rb1 Rb7 28. Bh4
Reb8 29. Qc3 Nb5 30. Qd2 Nc7 31. b3 cxb3 32. Rbxb3 Rxb3 33. Bxb3 Nb5 34. Rg3
Qa7 35. Rd3 Qd7 36. Qb4 Qa7 37. Ba4 g6 38. Bg5 Qc7 39. Rb3 Qd7 40. Qc5 Qc7 41.
Bh6 Qd7 42. Rb1 Kf7 43. Bg5 Qc7 44. Bh6 Qd7 45. Rb3 Qc7 46. Bxb5 axb5 47. Rxb5
Ra8 48. a6 Qc8 49. Rb7+ Bd7 50. Qd6 Rxa6 51. Qf6+ 1-0

[Event "NK Jeugd Cj"]
[Site "Assen"]
[Date "2017.04.24"]
[Round "3.12"]
[White "Albertus, Bram"]
[Black "Maters, Arthur"]
[Result "1/2-1/2"]
[WhiteElo "1569"]
[BlackElo "1730"]
[PlyCount "95"]
[EventDate "2017.??.??"]

1. e4 c5 2. Nc3 d6 3. f4 Nc6 4. Nf3 g6 5. Bc4 Bg7 6. d3 Nf6 7. O-O e6 8. a3 O-O
9. Qe1 a6 10. a4 Bd7 11. Bd2 Na5 12. Ba2 b5 13. Nd1 Nc6 14. Bb3 Qb6 15. Kh1
Rfe8 16. c3 Na5 17. Bc2 Bc6 18. b4 cxb4 19. cxb4 Nb7 20. a5 Qc7 21. Rc1 Qe7 22.
Bb1 Rac8 23. d4 Bd7 24. Bc3 Rc6 25. Qd2 Rec8 26. Re1 R6c7 27. Nf2 Bc6 28. Ba2
Kf8 29. d5 Bd7 30. e5 Nxd5 31. Bxd5 exd5 32. exd6 Qxd6 33. Bxg7+ Kxg7 34. Rxc7
Rxc7 35. Qd4+ Kg8 36. Ng4 Bxg4 37. Re8+ Qf8 38. Rxf8+ Kxf8 39. Qh8+ Ke7 40.
Qe5+ Kd8 41. Qxd5+ Kc8 42. h3 Bxf3 43. Qxf3 Rc4 44. Qd5 Rc7 45. Qe5 Nd8 46. Qf6
Rc6 47. Qe7 Rc7 48. Qf6 1/2-1/2